000 00578nam a2200229Ia 4500
003 OSt
005 20220924135349.0
006 a|||||r|||| 00| 0
007 ta
008 220923b |||||||| |||| 00| 0 ben d
024 _a290762
037 _cTextual
040 _aARTS
_cARTS
_bben
041 _2ben
_aben
082 _aO142,1M93w, 157L9
100 _aTriolet Elsa
_9210188
245 0 _aMayakovsky
260 _c1979
650 _aRUSSIAN LITERATURE
_915056
942 _hO142,1M93w, 157L9
_cTEXL
_2CC
999 _c440435
_d440435